Krčmársky kráľ Sväzok prvý

Bibliographic Details
Main Author: Rázus, Martin, 1888-1937 (Author)
Format: Book
Language:Slovak
PhysicalDescription:163, [i] s. 8°
Published: Turčiansky Sv. Martin Matica slovenská 1944
Edition:4. vyd.
Series:Rázus, Martin, 1888-1937 Sobrané spisy
Subjects:

MARC

LEADER 00000cam a2200000 a 4500
001 vtls008393611
003 SK-MaSNL
005 20260301044226.0
008 220511s1944 xo 000 f slo
015 |a SNBA19421945-098/2296 
035 |a SK01SNKBKSD220020085828 
035 |a urn:nbn:sk:snk-am3hrga 
035 |a BBEC4016-2E18-40CA-9B29-00284AD4E164 
035 |a urn:nbn:sk:snk-am00d6nh 
035 |a SKM000088291 
040 |a SNK  |b slo  |c SNK  |e AACR2 
041 0 |a slo 
044 |a xo  |c SK 
080 |a 885.4-3  |2 1981 
100 1 |a Rázus, Martin,  |d 1888-1937  |4 aut  |9 15510 
245 1 0 |a Krčmársky kráľ  |n Sväzok prvý  |c Martin Rázus 
250 |a 4. vyd. 
260 |a Turčiansky Sv. Martin  |b Matica slovenská  |c 1944  |e Turčiansky Sv. Martin  |f Neografia 
300 |a 163, [i] s.  |c 8° 
490 1 |a Sobrané spisy Martina Rázusa  |v sv. 16 
655 7 |a slovenské romány  |2 SNKPH  |9 70324 
800 1 |a Rázus, Martin,  |d 1888-1937  |t Sobrané spisy  |9 291454 
954 |a beletria pôvodná (slovenská)  |2 lita 
958 |a ONDV 
958 |a RK 
958 |a TL 
999 |c 595513  |d 597443 
952 |a SNK  |b SNK  |y VYP  |7 0  |p 17A0557728  |o snkSD 5512/16 D1  |i snkF 5647/62  |8 5  |0 0  |1 0  |4 0  |d 2007-08-30  |l 0  |r 2026-02-23 15:37:33  |w 2026-02-23 
952 |a SNK  |b SNK  |y VYP  |7 0  |p 17A0557730  |o snkSD 5512/16 D2  |i snkF 472/64  |8 5  |0 0  |1 0  |4 0  |d 2007-08-30  |l 0  |r 2026-02-23 15:37:33  |w 2026-02-23 
952 |a SNK  |b SNK  |y VYP  |7 0  |p 17A0557729  |o snkSD 5512/16 D3  |i snkF 3025/65  |8 5  |0 0  |1 0  |4 0  |d 2007-08-30  |l 0  |r 2026-02-23 15:37:33  |w 2026-02-23 
952 |a SNK  |b SNK  |y PREZ  |7 0  |p 17A0908786  |o snkSD 5512/16  |i snkKSF 944/56  |8 5  |0 0  |1 0  |4 0  |d 2018-10-15  |f 1  |l 0  |r 2025-11-13 00:00:00  |w 2026-02-23